Normal view
MARC view
- MacLeish, Archibald,
Entry Personal Name
001 - CONTROL NUMBER
- control field: 153729
003 - CONTROL NUMBER IDENTIFIER
- control field: DLC
005 - DATE AND TIME OF LATEST TRANSACTION
- control field: 20260416133208.0
008 - FIXED-LENGTH DATA ELEMENTS
- fixed length control field: 800326n| azannaabn |a aaa
010 ## - LIBRARY OF CONGRESS CONTROL NUMBER
- LC control number: n 80015459
035 ## - SYSTEM CONTROL NUMBER
- System control number: (OCoLC)oca00397910
040 ## - CATALOGING SOURCE
- Original cataloging agency: DLC
- Language of cataloging: eng
- Description conventions: rda
- Transcribing agency: DLC
- Modifying agency: DLC
- Modifying agency: OCoLC
- Modifying agency: DLC
- Modifying agency: DLC
046 ## - SPECIAL CODED DATES
- Birth date: 1892
- Death date: 1982-04-20
- Source of date scheme: edtf
053 #0 - LC CLASSIFICATION NUMBER
- Classification number element--single number or beginning number of span: PS3525.A27
100 1# - HEADING--PERSONAL NAME
- Personal name: MacLeish, Archibald,
- Dates associated with a name: 1892-1982
400 1# - SEE FROM TRACING--PERSONAL NAME
- Personal name: Mac Leish, Archibald,
- Dates associated with a name: 1892-1982
400 1# - SEE FROM TRACING--PERSONAL NAME
- Personal name: McLeish, Archibald,
- Dates associated with a name: 1892-1982.
670 ## - SOURCE DATA FOUND
- Source citation: His Songs for a summer's day, 1915.
670 ## - SOURCE DATA FOUND
- Source citation: His Letters of A. MacLeish, 1907 to 1982:
- Information found: CIP t.p. (Archibald MacLeish) CIP introd. (d. 4-20-82)
670 ## - SOURCE DATA FOUND
- Source citation: Laderman, E. Magic prison, 1970 (a.e.)
- Information found: t.p. (Archibald Mac Leish)
670 ## - SOURCE DATA FOUND
- Source citation: Air raid, 1965
- Information found: DLC copy theater program, Howard University Players performance (by Archibald McLeish)



